000 01524nam a22003017i 4500
003 DO-SdBNP
005 20250606111642.0
007 ta
008 250606b2024 |||||||| |||| 00| 0 spa d
020 _a9789945251180
040 _aDO-SdBNP
_bspa
_cBNPHU
_erda
041 _hsp
082 _a972.93054
_bR454a
_222
245 0 3 _aLa Revolución de abril de 1965 en el periódico patria /
_cAlejandro Paulino Ramos, editor
250 _aPrimera edición
264 _aSanto Domingo :
_bArchivo General de la Nación (AGN),
_c2024.
300 _a473 páginas :
_bilustraciones ;
_c26 cm
336 _ardacontent
_btexto
_2txt
337 _ardamedia
_bsin mediación
_2n
338 _ardacarrier
_bvolumen
_2nc
490 _aArchivo General de la Nación ;
_vDXXV (525)
505 _aPresentación 15 -- Editoriales del periódico patria. Ser libre o morir 21 -- Testimonios de la guerra. El momento que viví. Crispín W. Valdez Peña 69 -- Caamaño y el gobierno constitucionalista. Caamaño dice renunciaría 81 -- Militares constitucionalistas. La razón de mi lucha 141 -- Intervención militar extranjera 169 -- La OEA, la ONU y la guerra de abril 179 -- Comandos constitucionalista 215 -- Literatura y cultura 229 -- Poema patrióticos 234 -- Pagina literaria 238 -- Relatos 275 -- Artículos y opiniones 281
590 _aInventariado, 2025/DG
650 4 _aConflicto armado
_zRepública Dominicana
_988000
651 4 _aRepública Dominicana
_xHistoria
_zRevolución, 1965
_988001
910 _aDG
942 _2ddc
_cLBS1
999 _c58831
_d58831